000 00659nam a2200253Ia 4500
003 OSt
005 20221006143305.0
006 a|||||r|||| 00| 0
007 ta
008 221006b |||||||| |||| 00| 0 eng d
020 _c
_18.95
024 _a8,554
037 _cTextual
040 _aEASL
_cEASL
_beng
041 _2eng
_aeng
082 _aX8(A)y7N21, M6
100 _aMORITA Akio etc.
_9649575
245 0 _aMade in Japan
_b Akio Morita and Sony
260 _aNew York
_bE.P.Dutton
_c1986
300 _a309p.
_ccm.
490 _v JEL
942 _hX8(A)y7N21, M6
_cTEXL
_2CC
999 _c1076640
_d1076640